00481nam a2200121Ia 4500082001200000100002600012245015100038260003200189300001000221650005400231650005400285710002000339 aTV.0039 aVerma, Harish Chandra 0aSociological analysis of rural reconstruction and community development programmes in Uttar Pradesh with special reference to Gorakhpur Divisionxz c1968bUniversity of Lucknow a484p. aCOMMUNITY DEVELOPMENT - UTTAR PRADESH - GORAKHPUR aREHABILITATION, RURAL - UTTAR PRADESH - GORAKHPUR aShushil Chandra